00616nam a2200193 a 4500001001000000005001700010008004100027041000800068044000800076050002200084100002000106245005300126260003700179300004200216500003400258500005300292504003300345650004400378BRCA_526420190320205017.0771005s1971####enka#####b---#001-0#eng-# aeng aenk 4aNK7484b.C86 19711 aCumhaill, P. W.10aInvesting in Clocks and WatchescP. W. Cumhaill. aLondresbBarrie & Rockliffc1971 a159 p.bil. (algunas a color)c28 cm. aIncluye índice alfabético aDonación Dr. Héctor Rivero Borrell Vázquez aBibliografía: p. [137]-15214aRelojeseColecciónxHistoriazLondres